01143nam a22003257a 4500003000500000005001700005008004100022010001000063011001000073035001000083040000900093090001000102100004000112245006100152260004000213300001000253502008000263590003700343590004100380590004100421590004100462590004200503650003900545650003500584901000700619942001000626949003600636999001700672952012800689CHAP20220329140117.0971013s1937 r 00010 d a47104 a48076 a52221 cCHAP aTesis00aValenzuela Rivera, Jesús.9117499 aProyecto de torre para toma en la presa de San Joaquín aChapingo, Méx. :bEl autor,c1937 a20 p. aTesis (Ing. Agr. Esp. en Irrigación) -- ENA. Departamento de Irrigación aALEPHb10c20130110lUCH01h1316 aBATCH-UPDb10c20130110lUCH01h2211 aBATCH-UPDb10c20130410lUCH01h1514 aBATCH-UPDb10c20130914lUCH01h1935 aCONVERSIONb10c20130109lUCH01h132614aPresa San Joaquín, Méx.99147114aPresasxMéxico (Edo.)991495 aBK cTESIS bBCcTESd-116418eTS1i52221si c47104d47104 00102local4051708TESISaBCbBCcPA_TESISd2012-12-17fTESISl0oTesisp-116418r2019-12-31 00:00:00w2019-12-31yTESIS